[Event "CRO-ch 2020"]
[Site "Vinkovci"]
[Date "2020.06.24"]
[Round "5.1"]
[White "Jovanic, Ognjen"]
[Black "Rogic, Davor"]
[Result "1/2-1/2"]
[WhiteElo "2524"]
[BlackElo "2492"]
[Annotator "TA"]
[PlyCount "77"]
[EventDate "2020.06.19"]
[EventType "tourn"]
[EventCountry "CRO"]

{[%evp 13,77,26,30,32,30,23,24,22,41,39,48,30,46,42,30,18,25,26,29,20,25,9,27,0,11,0,0,0,13,10,20,21,16,24,50,12,22,0,0,0,0,0,0,-7,-7,-9,0,0,0,0,0,0,0,0,0,0,0,0,0,0,0,0,0,0,0,0]} 1. d4 d5 2. c4 c6 3. cxd5 cxd5 4. Bf4 Nc6 5. e3 Nf6 6. Nc3 e6 7. Bd3 Be7 8. h3 {D10: Slav Defence: 3 cxd5 (without early Nf3) and 3 Nc3.} a6 9. Rc1 O-O 10. Nf3 {White has an edge.} b6 11. O-O Bb7 12. Qe2 {[#]} Bd6 $146 ({Predecessor:} 12... b5 13. a4 bxa4 14. Nxa4 Nb4 15. Bc7 Qe8 16. Nb6 Nxd3 17. Qxd3 Ra7 18. Ne5 a5 {1-0 (48) Kamsky,G (2732)-Adams,M (2726) Philadelphia 2011}) 13. Bxd6 Qxd6 14. Rfd1 Rfc8 15. a3 h6 16. Rc2 Nd7 17. e4 b5 {[%cal Bb6b5,Bb5b4][%mdl 32]} 18. e5 Qe7 19. Nb1 b4 20. Rdc1 Qd8 21. Nbd2 Qb6 22. Qe3 a5 23. a4 Ne7 24. g4 Ba6 {The position is equal.} 25. Ne1 (25. Rxc8+ {keeps more tension.} Rxc8 26. Rxc8+ Nxc8 27. Bb1 Ne7 28. g5) 25... Bxd3 26. Nxd3 Rxc2 27. Rxc2 Rc8 28. Rxc8+ Nxc8 29. Nb3 Qc6 30. Nbc5 Nxc5 31. Nxc5 Nb6 32. b3 Nd7 33. Nxd7 Qxd7 $11 {[%mdl 4096] Endgame KQ-KQ} 34. Qc1 Qa7 35. Qc8+ Kh7 36. Qc2+ Kg8 37. Qc8+ Kh7 38. Qc2+ Kg8 39. Qc8+ {Accuracy: White = 92%, Black = 100%.} 1/2-1/2

[Event "CRO-ch 2020"]
[Site "Vinkovci"]
[Date "2020.06.25"]
[Round "5.2"]
[White "Plenca, Jadranko"]
[Black "Kovacevic, Blazimir"]
[Result "1/2-1/2"]
[WhiteElo "2483"]
[BlackElo "2410"]
[Annotator "TA"]
[PlyCount "161"]
[EventDate "2020.06.19"]
[EventType "tourn"]
[EventCountry "CRO"]

{[%evp 9,161,51,57,50,47,47,57,60,59,32,41,40,45,29,33,22,29,31,23,18,18,0,29,16,20,26,29,10,7,14,24,7,60,43,40,46,46,56,142,0,0,0,0,0,0,0,0,0,5,-67,-54,-50,-29,-62,-20,-27,-29,-31,-19,-75,-17,-93,-74,-74,-71,-71,0,-37,0,-18,-8,-8,0,0,0,0,0,0,0,0,0,0,0,0,0,0,0,0,0,-8,-8,-8,-5,-5,-5,-6,-4,-4,-4,-4,-4,-5,-4,-5,0,-6,0,-5,0,0,0,0,0,-6,0,0,0,-7,0,-22,0,0,0,-15,-13,-41,0,0,0,-41,0,0,0,-1,0,0,0,0,0,0,0,0,0,0,0,0,0,0,0,0,0,0,0,0]} 1. e4 d5 2. exd5 Qxd5 3. Nc3 Qd6 4. d4 Nf6 5. Nf3 c6 6. g3 {B01: Scandinavian Defence.} Bg4 7. Bg2 e6 8. O-O {White is slightly better.} Be7 9. h3 Bxf3 10. Bxf3 O-O 11. Ne2 Qc7 12. c4 Nbd7 13. Be3 e5 14. Qc2 {[#]} Rfe8 $146 ({Predecessor:} 14... Ne8 15. Rfd1 f5 16. dxe5 Nxe5 17. Bg2 Nd6 18. c5 Ndc4 19. Bf4 Qa5 20. Nd4 Rf7 21. Bf1 Bxc5 22. Bxc4 Bxd4 23. Bxf7+ Kxf7 24. Qb3+ {1-0 (24) Valenzuela Gomez,F (2400)-Pellicer Roncero,N (1866) Santa Eulalia de Roncana 2017}) 15. Rfd1 Rad8 16. Rab1 a5 17. a3 h5 18. Bg5 g6 19. b4 axb4 20. axb4 exd4 (20... Nf8 $11) 21. Nxd4 $14 Nh7 22. Bf4 Ne5 23. Bg2 Bg5 {[#]} (23... h4 $14) 24. Bxe5 (24. b5 $1 $16) 24... Qxe5 $11 25. Nf3 Qc7 26. Nxg5 Nxg5 27. b5 Ne6 28. bxc6 bxc6 29. Qa4 (29. Qc3 $11) 29... Nd4 $15 30. Re1 Qd6 31. Qa2 Qc5 32. h4 Ra8 33. Rxe8+ Rxe8 34. Rb2 (34. Ra1 $11 {remains equal.}) 34... Qf5 ({Better is} 34... Kg7 $17) 35. Qa3 (35. Kh2 $1 $11) 35... Ne2+ 36. Kf1 {[#]} Qe6 $1 {[%cal Re6c4]} 37. Qb4 Nd4 ({Black should try} 37... Nc1 $17 {Threatens to win with ...Nd3!} 38. Rb1 Nd3) 38. c5 Qe5 39. Kg1 Kg7 40. Kh2 Qf6 41. Rd2 Nf3+ 42. Bxf3 $1 Qxf3 $11 {[%mdl 4096] Endgame KQR-KQR} 43. Qd4+ Kh7 {( -> ...Re1)} 44. Rd3 Qf5 45. Kg2 Re4 46. Qd6 Re6 47. Qd4 {Black must now prevent Rf3.} Qe5 48. Qc4 Rf6 49. Rd2 (49. Re3 {is interesting.} Qf5 50. f3 Qd7 51. Qe2 Rf5 52. Re5) 49... Rf5 50. Rc2 Qd5+ (50... Kg7 {keeps more tension.} 51. Qd3 Qf6 52. Qe4 Rd5 53. Rc4 Qe5) 51. Qxd5 Rxd5 {KR-KR} 52. Kf3 Kg7 53. Ke4 Kf6 54. f3 Ke6 55. Kf4 Rf5+ 56. Ke4 Re5+ 57. Kf4 Rf5+ (57... f6 $5 58. g4 $8 g5+ 59. Kg3 hxg4 60. Kxg4 gxh4 $15) 58. Ke4 Re5+ 59. Kd4 Re1 60. Rg2 Rd1+ 61. Ke4 f6 62. Ra2 Rd5 63. Ra5 g5 64. hxg5 fxg5 65. Ke3 Kf5 66. Kf2 Kf6 67. Ke3 Ke5 68. Ra8 Kf6 69. Ra5 h4 70. gxh4 {The position is equal.} gxh4 71. Ra8 Rh5 {Hoping for ...h3.} 72. Kf4 Rxc5 73. Kg4 Rc4+ 74. f4 Rc1 75. Kxh4 Kf5 76. Rf8+ Ke4 77. Kg5 Rg1+ 78. Kf6 Kxf4 79. Ke6+ Ke4 {And now ...c5 would win.} 80. Kd6 $1 Rc1 81. Rc8 {Accuracy: White = 91%, Black = 84%.} 1/2-1/2

[Event "CRO-ch 2020"]
[Site "Vinkovci"]
[Date "2020.06.24"]
[Round "5.3"]
[White "Brkic, Ante"]
[Black "Zelcic, Robert"]
[Result "1/2-1/2"]
[WhiteElo "2593"]
[BlackElo "2527"]
[Annotator "TA"]
[PlyCount "100"]
[EventDate "2020.06.19"]
[EventType "tourn"]
[EventCountry "CRO"]

{[%evp 9,100,18,15,22,47,11,44,42,188,212,198,190,198,206,201,180,259,262,239,186,209,97,104,89,85,75,68,75,70,54,63,44,90,86,72,79,82,96,93,54,52,60,92,100,119,122,123,126,156,113,133,67,66,0,0,0,0,0,0,0,0,0,0,0,0,0,0,0,0,0,0,-28,0,0,0,0,0,0,8,11,14,0,0,0,0,0,0,0,0,0,0,0,363]} 1. e4 c6 2. d4 d5 3. e5 c5 4. dxc5 e6 5. Bd3 Bxc5 6. Qg4 {B12: Caro-Kann: Advance Variation.} Ne7 7. b4 h5 8. Qf4 $1 {[#] White is slightly better.} g5 $146 (8... Bb6 $14) ({Predecessor:} 8... Bb6 9. Nf3 Nbc6 10. Nbd2 a5 11. b5 Nb4 12. Ba3 Nxd3+ 13. cxd3 Bd7 14. Qa4 Nf5 {1-0 (25) Dominguez Perez,L (2760)-Nepomniachtchi,I (2775) Dortmund 2019}) 9. Qf6 $18 Bxb4+ 10. c3 Rg8 11. cxb4 Nd7 12. Bb5 Qb6 (12... Nc6 $142 13. Qxd8+ Kxd8) 13. Nc3 ({Weaker is} 13. Bxg5 Rxg5 14. Qxg5 Qxb5 $14) 13... Nc6 14. Qf3 Ndxe5 15. Qe3 (15. Qxh5 $18 {has better winning chances.} Bd7 16. Nge2 (16. Bxg5 Nxb4 17. Bxd7+ Kxd7 $17)) 15... Qxe3+ 16. Bxe3 Bd7 17. Nge2 Nxb4 {next ...Nc2+ is good for Black.} 18. O-O Nc2 19. Rac1 Nxe3 20. fxe3 {Threatens to win with e4.} Ke7 21. e4 dxe4 22. Bxd7 Nxd7 23. Nxe4 {Strongly threatening Rc7.} f5 24. N4c3 Rgc8 25. Nd4 {aiming for Rfe1.} Rc5 26. Rfe1 Nf8 27. Nb3 Rcc8 28. Nd5+ Kd7 29. Rcd1 {[#] Hoping for Nb6+.} Ke8 30. Nd4 (30. Na5 $16 Rab8 31. Nf6+ Kf7 32. Nd7 (32. Nxh5 b6 $16)) 30... Kf7 $14 31. Nxf5 (31. Nb5 $14 exd5 32. Nd6+ Kf6 33. Nxc8 (33. Rxd5 Rc6 $11) 33... Rxc8 34. Rxd5) 31... exf5 $11 32. Re7+ Kg6 33. Nf4+ Kf6 34. Nd5+ Kg6 35. Rxb7 {And now Ne7+ would win.} Rd8 36. Ne7+ Kf6 37. Ng8+ Kg6 38. Ne7+ Kf6 39. Ng8+ Kg6 40. Rc1 {White threatens Rc6+ and mate.} Rd7 (40... Ne6 $5 {[%cal Rd8g8]} 41. Rc6 Rd1+ 42. Kf2 Re8 $15) 41. Rc6+ {The position is equal.} Kg7 42. Rxd7+ Nxd7 {[%mdl 4096] Endgame KRN-KRN} 43. Ne7 Rb8 44. Nxf5+ Kf7 45. Rc7 Rb1+ 46. Kf2 Rb2+ 47. Kf3 Rxa2 48. h4 gxh4 49. Rxd7+ Ke6 {[%mdl 64] [#] Double Attack} 50. Rh7 Ke5 $2 {[%mdl 40960] Accuracy: White = 74%, Black = 77%. . An unexpected result.} (50... Kxf5 $11 51. Rxh5+ {[%mdl 64] Double Attack} Kf6) 1/2-1/2

[Event "CRO-ch 2020"]
[Site "Vinkovci"]
[Date "2020.06.25"]
[Round "5.4"]
[White "Saric, Ante"]
[Black "Palac, Mladen"]
[Result "1/2-1/2"]
[WhiteElo "2541"]
[BlackElo "2529"]
[Annotator "TA"]
[PlyCount "30"]
[EventDate "2020.06.19"]
[EventType "tourn"]
[EventCountry "CRO"]

{[%evp 23,30,-6,-3,-10,-10,-29,-10,-10,-3]} 1. d4 Nf6 2. Nf3 d5 3. c4 e6 4. g3 dxc4 5. Qa4+ Nbd7 6. Bg2 a6 7. Nc3 Rb8 8. Qxc4 b5 9. Qd3 Bb7 10. O-O c5 11. dxc5 Bxc5 12. Bf4 Rc8 13. Rad1 {E02: Open Catalan: 5 Qa4+.} Bb4 {[#]} 14. Bd2 $146 {White wants to play Nxb5.} ({Predecessor:} 14. Rc1 O-O 15. a3 Bc5 16. b4 Be7 17. Rfd1 Nb6 18. Qxd8 Rfxd8 19. Nd2 Bxg2 20. Kxg2 h6 {½-½ (42) Drosson,F (1976)-Richter,W (2057) GER email 2016}) 14... O-O 15. a4 bxa4 {An uneventful encounter.} 1/2-1/2

[Event "CRO-ch 2020"]
[Site "Vinkovci"]
[Date "2020.06.24"]
[Round "5.5"]
[White "Kozul, Zdenko"]
[Black "Stevic, Hrvoje"]
[Result "1/2-1/2"]
[WhiteElo "2597"]
[BlackElo "2575"]
[Annotator "TA"]
[PlyCount "63"]
[EventDate "2020.06.19"]
[EventType "tourn"]
[EventCountry "CRO"]

{[%evp 14,63,29,22,22,12,25,14,26,0,0,0,0,-10,-14,-6,0,-17,-14,-10,-11,-9,-12,-14,-10,-10,0,0,0,0,0,0,0,0,0,0,0,0,0,0,9,0,0,0,0,0,0,0,0,7,50,50]} 1. d4 d5 2. c4 dxc4 3. e4 e5 4. Nf3 exd4 5. Bxc4 Nc6 6. O-O Be6 7. Bxe6 fxe6 8. Qb3 Qd7 {D20: Queen's Gambit Accepted: 3 e3 and 3 e4.} 9. Qxb7 Rb8 10. Qa6 Nge7 {[#] The position is equal.} (10... Nf6 11. Nbd2 Bd6 12. a3 O-O 13. b4 e5 14. Ne1 Nd8 15. Nd3 Nf7 16. f3 Rb6 17. Qc4 Rc6 18. Qa2 Rc3 19. Ne1 c5 20. Nc4 cxb4 21. axb4 Qe6 22. Nxd6 Qxa2 23. Rxa2 Nxd6 {½-½ (49) Kozul,Z (2631)-Stevic,H (2601) Valpovo 2017}) 11. Bf4 $146 ({Predecessor:} 11. a3 Ng6 12. Nbd2 Bd6 13. Nc4 O-O 14. Ne1 Nce5 15. Nxd6 Rb6 16. Qe2 Rxd6 17. Nd3 {½-½ (80) Piorun,K (2611)-Christiansen,J (2597) Moscow 2019}) 11... Ng6 12. Bg3 Rxb2 13. Rc1 Rb6 14. Qa4 Bd6 15. Bxd6 cxd6 16. Nxd4 {[%cal Rc1c6]} Rb4 17. Qxc6 {[#] Black must now prevent Qc3.} Rxd4 18. Qc2 O-O 19. Nd2 d5 20. f3 Nf4 {[#] ...Ne2+ is the strong threat.} 21. Nb3 Rc4 22. Qd2 {And now Rxc4 would win.} Qc6 23. g3 Ng6 24. exd5 exd5 {Threatens to win with ...Ne5.} 25. f4 Ne7 26. Re1 Rc2 27. Qd3 $36 {[%mdl 2048] White has the initiative.} d4 {[%csl Gc2][%cal Rc6g2]} 28. Re2 Rxe2 29. Qxe2 Nf5 $1 30. Rc1 Re8 31. Qd3 Qe6 32. Nxd4 {Accuracy: White = 95%, Black = 95%.} 1/2-1/2

[Event "CRO-ch 2020"]
[Site "Vinkovci"]
[Date "2020.06.25"]
[Round "5.6"]
[White "Bosiocic, Marin"]
[Black "Martinovic, Sasa"]
[Result "1/2-1/2"]
[WhiteElo "2625"]
[BlackElo "2532"]
[Annotator "TA"]
[PlyCount "49"]
[EventDate "2020.06.19"]
[EventType "tourn"]
[EventCountry "CRO"]

{[%evp 16,49,9,3,19,6,37,40,64,36,52,47,64,61,63,58,39,0,26,20,18,9,10,17,15,20,7,0,0,0,0,0,37,0,0,0]} 1. e4 e6 2. d4 d5 3. Nc3 Nf6 4. e5 Nfd7 5. f4 c5 6. Nf3 Nc6 7. Be3 Be7 8. Qd2 O-O 9. dxc5 Qa5 {C11: French: Classical System: 4 e5 and 4 Bg5 dxe4.} 10. O-O-O b6 11. Bb5 Nb4 {White is slightly better.} 12. a3 bxc5 {Threatening ...Na2+.} 13. Kb1 ({Stronger than} 13. axb4 cxb4 14. Na4 Qxb5 $17) 13... Rb8 14. axb4 cxb4 15. Nxd5 $1 exd5 16. Nd4 {Strongly threatening Nc6.} (16. Bxd7 {feels hotter.} Bxd7 17. Qxd5 Qxd5 18. Rxd5 Bc6 19. Ra5) 16... Nxe5 ({Reject} 16... Rxb5 $6 17. Nc6 $16) 17. fxe5 {[#] Threatens to win with Bc6.} Rxb5 18. Nxb5 Qxb5 19. Qxd5 ({Wrong is} 19. Bxa7 $2 b3 $19) 19... Qa6 {And now ...Be6 would win.} 20. b3 Be6 21. Qd4 Bf5 22. Qc4 Qb7 {Hoping for ...Rc8.} 23. Qd5 Qa6 {[#] aiming for ...Bxc2+!} 24. Qc4 $146 ({Predecessor:} 24. Rd2 Rc8 25. Rf2 Be6 26. Qe4 Qb5 27. Kb2 Rc3 28. Ra1 a5 29. Qa8+ Rc8 30. Rxa5 Qxe5+ 31. Rxe5 Rxa8 32. Bc5 Bf6 33. Rxf6 gxf6 {1-0 (44) Ronka,E (2289)-Sidali,E (2041) Helsingor 2019}) 24... Qb7 {...Rc8 is the strong threat.} 25. Qd5 {Accuracy: White = 91%, Black = 82%.} 1/2-1/2

[Event "CRO-ch 2020"]
[Site "Vinkovci"]
[Date "2020.06.24"]
[Round "6.1"]
[White "Rogic, Davor"]
[Black "Martinovic, Sasa"]
[Result "1/2-1/2"]
[WhiteElo "2492"]
[BlackElo "2532"]
[Annotator "TA"]
[PlyCount "18"]
[EventDate "2020.06.19"]
[EventType "tourn"]
[EventCountry "CRO"]
[SourceTitle "playchess.com"]
[Source "ChessBase"]
[SourceQuality "1"]

{[%evp 17,18,0,22]} 1. e4 c5 2. Nf3 d6 3. d4 cxd4 4. Nxd4 Nf6 5. Nc3 a6 {[#]} 6. Be3 $146 ({Predecessor:} 6. Qd3 e6 7. a4 b6 8. Qg3 Bb7 9. f3 Nbd7 10. Be3 Rc8 11. Be2 Be7 12. O-O O-O 13. Kh1 Re8 14. Rad1 Qc7 15. Nb3 Qb8 16. Bd4 {½-½ (73) Caruana,F (2835)-Ding,L (2791) chess24.com INT 2020}) 6... Ng4 7. Bc1 Nf6 8. Be3 Ng4 9. Bc1 Nf6 1/2-1/2

[Event "CRO-ch 2020"]
[Site "Vinkovci"]
[Date "2020.06.24"]
[Round "6.2"]
[White "Stevic, Hrvoje"]
[Black "Bosiocic, Marin"]
[Result "1/2-1/2"]
[WhiteElo "2575"]
[BlackElo "2625"]
[Annotator "TA"]
[PlyCount "135"]
[EventDate "2020.06.19"]
[EventType "tourn"]
[EventCountry "CRO"]
[SourceTitle "playchess.com"]
[Source "ChessBase"]
[SourceQuality "1"]

{[%evp 11,135,27,34,15,18,0,0,10,6,0,0,0,0,0,0,0,0,0,0,0,0,0,0,0,0,0,0,-6,-3,-23,0,0,0,0,-4,-26,-40,-26,-25,-25,-20,-24,-27,-31,-32,-47,-47,-47,-47,-47,-50,-56,-52,-66,-48,-60,0,0,100,97,215,199,182,0,1,0,152,66,31,44,35,0,0,0,0,-8,-8,-8,-8,-8,-8,-14,-14,-16,-16,-17,-17,-17,-19,-20,-12,-20,-20,-20,-20,-20,-20,-20,-20,-20,-20,-20,-20,-20,0,-20,-20,-20,-20,-20,-20,-20,-17,-16,-9,-9,0,0,8,8,8,8,8,8,8,8]} 1. e4 c5 2. c3 d5 3. exd5 Qxd5 4. d4 g6 5. Nf3 Bg7 6. Na3 cxd4 7. Bc4 {B06: Modern Defence.} (7. Nb5 $5 {[%cal Rb5c7]} Na6 8. Be2 $14 (8. cxd4 Bd7 $14)) 7... Qe4+ 8. Be3 {Black should prevent Nb5.} Nh6 (8... dxe3 $2 {[#]} 9. Bxf7+ $1 {[%mdl 512]} Kxf7 10. Ng5+ Ke8 11. Nxe4 $18) 9. cxd4 O-O 10. O-O {Hoping for Re1.} Bg4 11. Bxh6 Bxh6 12. Re1 Bxf3 13. Rxe4 (13. gxf3 $2 Qh4 $17) 13... Bxd1 14. Rxd1 Bg5 15. Re5 Bf6 16. Rb5 Nc6 17. d5 Nd8 $1 18. d6 exd6 19. Rxd6 {[#]} Kg7 $146 ({Predecessor:} 19... Be7 20. Rd7 Bxa3 21. bxa3 Rc8 22. Bf1 Rc2 23. Rbd5 Ne6 24. Rd2 Rxd2 25. Rxd2 Rc8 {0-1 (62) Sammed Jaykumar,S (2139)-Nasanjargal,U (2330) Pune 2014}) 20. Rd7 Rc8 21. g3 a6 22. Rb6 Re8 23. Rbxb7 Nxb7 24. Rxf7+ Kh8 25. Rxf6 Nc5 26. b4 Ne4 27. Rxa6 Rcd8 28. Bb3 Rd2 29. Nc4 Rxf2 30. Nd6 Rf6 {[%mdl 1024] Black has compensation.} 31. Nf7+ Kg7 32. Ra7 Kf8 33. Bd5 Rf5 ({Black should play} 33... Rb6 $15 34. a3 Nc3) 34. Nh6 $1 $11 {[%csl LRf5,LRh7]} Rf3 (34... Rf6 $11) 35. b5 $16 {b6 is the strong threat.} Re5 (35... Rf6 $16) 36. Bc6 $18 {[#] And now b6 would win.} Re6 37. Bd5 $2 ({Don't take} 37. Rxh7 $6 Ng5 $16) (37. Rc7 $18 {aiming for b6.} Rff6 38. Ng4 (38. Rxh7 $2 Ng5 $19)) 37... Re5 $11 38. Bc6 $2 (38. Rd7 $11 Rc3 39. Ng4 Rc1+ 40. Kg2 Rc2+ 41. Kf3 Nd2+ 42. Kf4 Rf5+ 43. Ke3 Nc4+ 44. Kd3) 38... Re6 $16 39. Rxh7 ({White should try} 39. Rc7 $16 Rff6 40. Ng4 (40. Rxh7 $2 Ng5 $19)) 39... Ng5 $1 $14 {( -> ...Re1+)} 40. Bxf3 Nxh7 {[%mdl 4096] Endgame KRN-KBN} 41. Kf2 Nf6 {The position is equal.} 42. Ng4 {Black must now prevent Nxf6.} Ne4+ 43. Bxe4 Rxe4 $11 {KR-KN} 44. Kf3 Rb4 45. Ne5 Kg7 46. Ke3 Rxb5 47. Nc4 Rb1 48. Kd4 Ra1 49. a3 Kf6 50. h4 Kf5 51. Ne3+ Ke6 52. Nc4 Rg1 53. a4 Rxg3 54. a5 Rg1 55. Kc5 Ra1 56. Kc6 Ra2 57. Kc5 Ra1 58. Kc6 Ke7 59. Kb6 Rb1+ 60. Kc5 Kd8 61. Ne5 Rg1 62. Kd6 Kc8 63. Ke6 Kb7 64. Kf6 Ka6 65. Nxg6 Kxa5 66. h5 Rh1 67. Nf4 $1 Rxh5 68. Nxh5 {Accuracy: White = 93%, Black = 92%.} 1/2-1/2

[Event "CRO-ch 2020"]
[Site "Vinkovci"]
[Date "2020.06.25"]
[Round "6.3"]
[White "Palac, Mladen"]
[Black "Kozul, Zdenko"]
[Result "1/2-1/2"]
[WhiteElo "2529"]
[BlackElo "2597"]
[Annotator "TA"]
[PlyCount "34"]
[EventDate "2020.06.19"]
[EventType "tourn"]
[EventCountry "CRO"]

{[%evp 17,19,18,35,32]} 1. e4 c5 2. Nf3 d6 3. d4 cxd4 4. Nxd4 Nf6 5. Nc3 Nc6 6. Bc4 Qb6 7. Nb3 e6 8. Bf4 Ne5 9. Be2 a6 10. a4 {[#] B57: Classical Sicilian: Sozin with 6...Qb6.} {Predecessor:} Bd7 $146 11. Be3 Qc7 12. Nd2 d5 13. exd5 exd5 14. Bd4 Bc6 15. O-O Bd6 16. Qe1 O-O 17. f4 Ned7 {0-1 (43) Palac,M (2593)-Kozul,Z (2602) Zagreb 2012} 1/2-1/2

[Event "CRO-ch 2020"]
[Site "Vinkovci"]
[Date "2020.07.09"]
[Round "6.4"]
[White "Zelcic, Robert"]
[Black "Saric, Ante"]
[Result "1-0"]
[WhiteElo "2527"]
[BlackElo "2541"]
[Annotator "TA"]
[PlyCount "121"]
[EventDate "2020.06.19"]
[EventType "tourn"]
[EventCountry "CRO"]
[SourceTitle "playchess.com"]
[Source "ChessBase"]
[SourceQuality "1"]

{[%evp 17,121,37,45,26,52,58,54,52,48,50,52,48,69,49,166,164,172,179,171,110,100,131,142,80,87,103,497,472,490,474,557,439,1155,641,614,496,555,507,464,348,344,298,302,288,290,277,317,0,7,0,484,467,492,528,522,511,550,549,677,675,656,662,716,700,773,758,851,845,814,741,731,820,823,608,567,520,602,564,730,711,718,704,29961,29962,29964,29965,5583,731,29976,29976,29962,5187,29959,329,322,0,29942,2283,5073,5050,5046,5050,4902,4132,1527,1431]} 1. e4 c5 2. Nf3 e6 3. Nc3 Nc6 4. d4 cxd4 5. Nxd4 Qc7 6. Be3 a6 7. Bd3 Nf6 8. O-O Nxd4 9. Bxd4 Bc5 10. Be2 {e5 is the strong threat. B48: Sicilian: Taimanov: 5 Nc3 Qc7 6 Be3 a6 without Be2.} d6 {10...e5 is not played anymore.} 11. Bxf6 gxf6 12. Qd2 {White is slightly better.} Bd7 {[#]} 13. Rfd1 $5 $146 {[%mdl 8] An interesting novelty.} ({Predecessor:} 13. Rad1 h5 14. Qf4 Ke7 15. Qh4 Bc6 16. a3 Rag8 17. b4 Ba7 18. a4 a5 19. b5 {0-1 (58) Cuenca Jimenez,J (2513)-Vazquez Igarza,R (2574) Linares 2017}) 13... Bc6 14. Rab1 a5 15. a3 {[%cal Ba2a3,Ba3b4][%mdl 32]} Ke7 ({Better is} 15... a4 $14) 16. b4 $1 $18 {[%cal Rb4c5]} axb4 17. axb4 Bb6 18. Rb3 (18. b5 $1 $18 {[%cal Rb5c6]} Bd7 19. e5 $1 {[%mdl 512]}) 18... Rhd8 $16 19. Qh6 Rg8 20. Bf3 ({Avoid the trap} 20. Qxh7 $2 Rh8 $19) (20. Bh5 $142) 20... Ba4 21. Nxa4 Qxc2 $2 {[%mdl 8192]} (21... Rxa4 $16 {is more resistant.} 22. Qxh7 Rf8) 22. Nxb6 $18 Qxb3 23. Qd2 d5 24. Qf4 {[%cal Re4d5]} e5 (24... Qc3 $142 25. Nxa8 Rxa8) 25. Qf5 dxe4 26. Qd7+ Kf8 27. Bxe4 ({Not} 27. Nxa8 exf3 28. Nc7 Rxg2+ 29. Kh1 Kg7 $18) 27... Re8 28. Bxh7 ({Weaker is} 28. Qd6+ Kg7 $18) 28... Rh8 29. Qd6+ Kg7 {White must now prevent ...Re6.} 30. Bf5 Rh5 31. Bg4 Rg5 {[#]} 32. h3 $2 (32. Qd7 $1 $18) 32... f5 $11 33. Qd2 Kg6 $2 {[%mdl 8192] White stays focused until the end.} (33... Rg6 $11 {and Black stays safe.} 34. Bxf5 Rxb6) 34. Bf3 $18 {Strongly threatening h4.} Qxf3 {[%csl Gg5][%cal Rf3g2] [#]} 35. Qxg5+ $1 {[%mdl 512]} Kxg5 36. gxf3 {[%mdl 4096] Endgame KRN-KR} Re6 37. Nd5 Rc6 {[#]} 38. f4+ $1 exf4 39. Kg2 Rc4 40. Kf3 b5 41. Rg1+ Kh4 42. Rg8 Rd4 43. Rh8+ Kg5 44. h4+ Kg6 45. h5+ Kg5 46. Rd8 Rd3+ 47. Ke2 Rb3 48. Rg8+ Kh6 49. Rh8+ Kg5 50. h6 f3+ 51. Kd2 Rb2+ 52. Ke3 (52. Kd3 $142 Kg6 53. Nf4+ Kg5 54. h7) 52... Rb3+ 53. Kd4 Kg6 54. Nf4+ Kf6 55. Nh5+ $2 (55. Rg8 {mates} Rxb4+ 56. Ke3 Rb3+ 57. Kd2 Rb2+ 58. Kc3 Rxf2 59. Nh5+ Ke7 60. h7) 55... Kg6 56. Nf4+ $2 (56. Ng3 $18) 56... Kf6 57. Nd3 (57. Rg8 $142 Rxb4+ 58. Ke3 Rb3+ 59. Kd2 Rb2+ 60. Kc3 Rxf2 61. Nh5+ Ke7 62. h7 b4+ 63. Kxb4) 57... Kg6 {White is clearly winning.} 58. h7 Kg7 {[#]} 59. Rf8 $3 {[%mdl 512]} Kxh7 (59... Kxf8 60. h8=Q+) 60. Rxf7+ Kg6 61. Rb7 {Accuracy: White = 72%, Black = 47%.} 1-0

[Event "CRO-ch 2020"]
[Site "Vinkovci"]
[Date "2020.06.24"]
[Round "6.5"]
[White "Kovacevic, Blazimir"]
[Black "Brkic, Ante"]
[Result "1/2-1/2"]
[WhiteElo "2410"]
[BlackElo "2593"]
[Annotator "TA"]
[PlyCount "91"]
[EventDate "2020.06.19"]
[EventType "tourn"]
[EventCountry "CRO"]
[SourceTitle "playchess.com"]
[Source "ChessBase"]
[SourceQuality "1"]

{[%evp 13,91,-20,-12,-30,-18,-15,-15,-24,-14,-13,-16,-20,-13,-19,-8,-15,-11,-13,-3,-27,0,3,0,0,0,-24,-14,-21,-18,-33,-7,-5,-5,-9,-5,-5,-3,-5,0,-20,-31,-27,-20,-35,-31,-17,-22,-114,-102,-117,0,0,0,0,0,0,0,0,0,0,0,0,0,0,0,0,0,0,0,0,0,0,0,0,0,0,0,0,0,0]} 1. c4 e5 2. Nc3 Nf6 3. Nf3 Nc6 4. e3 Bb4 5. Qc2 O-O 6. Nd5 Re8 7. Bd3 g6 8. a3 {[#] Black must now prevent Nxf6+. A28: English Opening: Four Knights Variation.} Bf8 $1 9. Nxf6+ Qxf6 10. Be4 d6 11. b4 Bg7 12. Bb2 Qe7 13. d3 Nd8 {next ...d5! is good for Black.} 14. Nd2 c6 15. O-O {[#]} Be6 $146 ({Predecessor:} 15... f5 16. Bf3 Nf7 17. Rac1 Be6 18. Be2 h5 19. Nb3 Rad8 20. Rfd1 h4 21. d4 Bd7 22. dxe5 dxe5 {0-1 (61) Kortschnoj,V (2595)-Nikolic,P (2610) Amsterdam 1988}) 16. g3 f5 17. Bg2 Nf7 18. f4 d5 19. e4 dxe4 20. dxe4 Rad8 21. c5 Qd7 22. Nc4 exf4 {[#] Hoping for ...Bxc4.} 23. Bxg7 {And now Rad1 would win.} Kxg7 24. Rad1 Qe7 $36 {[%mdl 2048] Threatens to win with ...fxg3. Black is more active.} 25. Qc3+ Kg8 ({Don't play} 25... Qf6 $6 26. e5 $16) 26. exf5 Rxd1 27. Rxd1 Bxc4 28. Qxc4 Qe3+ ({But not} 28... gxf5 $6 29. Qxf4 Qe3+ 30. Qxe3 $14) 29. Kh1 f3 {...Re4 is the strong threat.} 30. Bh3 (30. Bf1 $11 {keeps the balance.}) 30... gxf5 31. Bxf5 Qe2 (31... Kg7 $17 32. Bh3 Re4) 32. Qxe2 $1 $11 {The position is equal.} Rxe2 {[%mdl 4096] Endgame KRB-KRN} (32... fxe2 $5 33. Re1 $8 Re3 $11) 33. Bd3 Ra2 34. Bc4 Rc2 35. Bxf7+ Kxf7 {KR-KR} 36. Kg1 Ke6 37. Rd6+ Ke5 38. Rd7 Rg2+ 39. Kf1 Rxh2 40. Rxb7 a6 41. Rf7 Ke4 42. Rf6 Rh1+ 43. Kf2 Rh2+ 44. Kf1 Rh1+ 45. Kf2 Rh2+ 46. Kf1 {Accuracy: White = 94%, Black = 90%.} 1/2-1/2